LEADER 02359oam 22005054a 450 001 9910296444303321 005 20230621141339.0 010 $a9786076284513 010 $a607628451X 035 $a(CKB)4100000007221402 035 $a(WaSeSS)IndRDA00120875 035 $a(OCoLC)1078876910 035 $a(MdBmJHUP)muse77580 035 $a(oapen)https://directory.doabooks.org/handle/20.500.12854/89544 035 $a(EXLCZ)994100000007221402 100 $a20181213d1945 uy 0 101 0 $aspa 135 $aur||||||||||| 181 $ctxt$2rdacontent 182 $cc$2rdamedia 183 $acr$2rdacarrier 200 10$aDos ensayos sobre la función y la formación del historiador$econ unas consideraciones sobre el estado actual de los estudios históricos por Ramón Iglesia /$fLesley Byrd Simpson 210 $cEl Colegio de México$d1945 210 1$aMexico (City):$cColegio de Mexico, Centro de Estudios Sociales,$d1945. 210 4$d©1945. 215 $a1 online resource (47 pages) 225 0 $aJornadas. ;$v51 330 $aVan siendo cada vez más frecuentes las voces de alarma ante las deshumanización, la mecanización, la "industrialización" de los estudios históricos en nuestros días. Voces que proceden de los campos más diversos y que, por fortuna, van ya encontrando eco en los mismos especialistas dedicados a la inverstigación y a la enseñanza de la historia. Jornadas se propone dar cabida en sus páginas a algunos trabajos que reflejan estas nuevas inquietudes, que replantean problemas que la escuela positivista creia definitivamente arrumbados con los trastos viejos: los de teoría de la historia, historiología, filosofía de la historia, o como mejor querramos llamarles 410 0$aJornadas ;$v51. 606 $aHISTORY / Historiography$2bisacsh 606 $aHistorians$2fast$3(OCoLC)fst00957686 606 $aHistorians 608 $aElectronic books. 615 0$aHISTORY / Historiography 615 0$aHistorians. 615 0$aHistorians. 676 $a308 700 $aSimpson$b Lesley Byrd$f1891-1984,$0686425 701 $aIglesia$b Ramo?n$f1905-1948.$0699699 801 0$bMdBmJHUP 801 1$bMdBmJHUP 906 $aBOOK 912 $a9910296444303321 996 $aDos ensayos sobre la función y la formación del historiador$92434363 997 $aUNINA